| 000 | 00401 a2200169 4500 | ||
|---|---|---|---|
| 001 | 47149 | ||
| 020 | _a9788599306505 | ||
| 040 | _cAnchieta - Aquarius | ||
| 100 | _aLima, Heloisa Pires | ||
| 240 | 1 | 0 |
_a!Lendas da África moderna _lpor |
| 245 | 1 | 0 | _a!Lendas da África moderna |
| 300 | _a | ||
| 362 | 0 | _a2010 | |
| 440 | 1 | _aElementar | |
| 650 | 4 | _aFolclore / Adivinhações / Lendas | |
| 942 | _cBK | ||
| 999 |
_c47149 _d47149 |
||